A TEXT BOOK OF MODERN PHARMACEUTICS (Record no. 26983)
[ view plain ]
| 000 -LEADER | |
|---|---|
| fixed length control field | 00372nam a22001577a 4500 |
| 003 - CONTROL NUMBER IDENTIFIER | |
| control field | SGT |
| 020 ## - INTERNATIONAL STANDARD BOOK NUMBER | |
| International Standard Book Number | 8119117344 |
| 082 ## - DEWEY DECIMAL CLASSIFICATION NUMBER | |
| Classification number | 615.1 |
| Item number | M23H |
| 100 ## - MAIN ENTRY--PERSONAL NAME | |
| Personal name | HAJARE, ASHOK.A. |
| 245 ## - TITLE STATEMENT | |
| Title | A TEXT BOOK OF MODERN PHARMACEUTICS |
| 250 ## - EDITION STATEMENT | |
| Edition statement | 1ST |
| 260 ## - PUBLICATION, DISTRIBUTION, ETC. (IMPRINT) | |
| Place of publication, distribution, etc | PUNE |
| Name of publisher, distributor, etc | NIRALI PRAKASHAN |
| Year of Publication | 2023 |
| 650 ## - SUBJECT ADDED ENTRY--TOPICAL TERM | |
| Topical term or geographic name as entry element | PHARMACEUTICS |
| 653 ## - KEYWORDS--INDEX TERM | |
| Keyword term | MODERN, PHARMACEUTICS |
| 942 ## - ADDED ENTRY ELEMENTS (KOHA) | |
| Source of classification or shelving scheme | Dewey Decimal Classification |
| Koha item type | Books |
| 942 ## - ADDED ENTRY ELEMENTS (KOHA) | |
| -- | 10 |
| Withdrawn status | Lost status | Source of classification or shelving scheme | Damaged status | Use restrictions | Not for loan | Collection code | Home library | Current library | Shelving location | Date acquired | Vendor Name | Cost, normal purchase price | SGTU | Bill Number | Full call number | Accession No. (Barcode) | Date last seen | Bill Date | Koha item type | Total Checkouts | Total Renewals | Date last borrowed |
|---|---|---|---|---|---|---|---|---|---|---|---|---|---|---|---|---|---|---|---|---|---|---|
| Dewey Decimal Classification | Restricted Access | PHARMACY | SGT FA-FP Library | SGT FA-FP Library | Reference Book | 27/09/2024 | AHUJA PUB. | 300.00 | SGTU | 19381 | 615.1 M23H | FP5041 | 27/09/2024 | 13/08/2024 | Books | |||||||
| Dewey Decimal Classification | PHARMACY | SGT FA-FP Library | SGT FA-FP Library | Text Book | 27/09/2024 | AHUJA PUB. | 300.00 | SGTU | 19381 | 615.1 M23H | FP5042 | 15/01/2025 | 13/08/2024 | Books | 3 | 1 | 13/01/2025 | |||||
| Dewey Decimal Classification | PHARMACY | SGT FA-FP Library | SGT FA-FP Library | Text Book | 27/09/2024 | AHUJA PUB. | 300.00 | SGTU | 19381 | 615.1 M23H | FP5043 | 15/01/2025 | 13/08/2024 | Books | 3 | 1 | 26/12/2024 | |||||
| Dewey Decimal Classification | PHARMACY | SGT FA-FP Library | SGT FA-FP Library | Text Book | 27/09/2024 | AHUJA PUB. | 300.00 | SGTU | 19381 | 615.1 M23H | FP5044 | 04/02/2025 | 13/08/2024 | Books | 3 | 22/11/2024 | ||||||
| Dewey Decimal Classification | PHARMACY | SGT FA-FP Library | SGT FA-FP Library | Text Book | 27/09/2024 | AHUJA PUB. | 300.00 | SGTU | 19381 | 615.1 M23H | FP5045 | 21/02/2025 | 13/08/2024 | Books | 1 | 13/01/2025 |